000 00578nam a22002057a 4500
005 20251108172109.0
008 250721s1973 xx 000 0 ara d
082 1 4 _a956/محم
100 1 _aإبراهيم، محمد أبو الفضل
245 1 0 _aأيام العرب في الإسلام /
250 _aط4
264 1 _aالقاهرة :
_bدار الفكر،
_c1973.
300 _a532ص
650 1 7 _aالعرب
650 1 7 _aالتاريخ
650 1 7 _aصدر الإسلام
700 1 _aالبجاوي، علي محمد
942 _2ddc
_cBK
999 _c70378
_d70378